=LDR 00000nam 2200000 4500 =001 INLIS000000000038258 =005 20130612143930 =008 ***********************************Ind** =035 ##$$0010-061300000038258 =041 ##$$a Ind =082 ##$$a 641.86 =090 ##$$a 641.86, Ane a =245 ##$$a Aneka dessert dingin; Editor, Intarina Hardiman =260 ##$$a 2010 $b Jakarta =300 ##$$a 57 hlm, Ilus, 21 cm =650 ##$$a Dessert =850 ##$$a NBPNMAT =990 ##$$a 21400613/BPAP-NTB/20142014 =990 ##$$a 0001/BPAP-NTB/20142014 =990 ##$$a 0001/BPAP-NTB/2015